000 00364nam a2200145Ia 4500
003 OSt
005 20231229095842.0
008 170523s9999 xx 000 0 und d
020 _a9788131807040
040 _cIIMTU
100 _aRajput- R.K.
245 2 _aA Course in Electrical Engineering Materials
260 _aNew Delhi : University Press
942 _2ddc
_c02
999 _c11648
_d11648